[Event "XVI Corsicoscacchi A"]
[Site "Corsico ITA"]
[Date "1998.10.11"]
[Round "5"]
[White "Valenti, Giuseppe"]
[Black "Bressanelli, Roberto"]
[Result "1-0"]
[WhiteElo "2200"]
[BlackElo "2100"]
[PlyCount "93"]
[EventDate "1998.10.03"]

1. e4 e5 2. Nf3 Nc6 3. Bb5 a6 4. Ba4 Nf6 5. O-O b5 6. Bb3 Be7 7. Re1 d6 8. c3
O-O 9. h3 Bb7 10. d4 Re8 11. Nbd2 Bf8 12. d5 Nb8 13. Nf1 h6 14. Ng3 Nbd7 15.
Bc2 c6 16. dxc6 Bxc6 17. Qe2 Qc7 18. Nh2 d5 19. exd5 Bxd5 20. Nf5 e4 21. Be3
Ne5 22. Bd4 Bc4 23. Qe3 Nd3 24. Bxf6 Nxe1 25. Rxe1 gxf6 26. Ng4 Re6 27. Nd4 f5
28. Nxe6 fxe6 29. b3 Bd5 30. Nf6+ Kf7 31. Nxd5 exd5 32. b4 Bg7 33. Bb3 Rd8 34.
Rd1 Ke6 35. g4 f4 36. Qxe4+ Qe5 37. Qg6+ Qf6 38. Qe4+ Qe5 39. Qg6+ Qf6 40. Re1+
Kd6 41. Qd3 Kc6 42. a4 Qxc3 43. axb5+ axb5 44. Re6+ Kc7 45. Qxb5 Bd4 46. Re7+
Kd6 47. Qxd5+ 1-0

[Event "XVI Corsicoscacchi A"]
[Site "Corsico ITA"]
[Date "1998.10.11"]
[Round "6"]
[White "Bonazzi, Edoardo"]
[Black "Facchetti, Gianni"]
[Result "1-0"]
[WhiteElo "1933"]
[BlackElo "2120"]
[PlyCount "145"]
[EventDate "1998.10.03"]

1. e4 e5 2. Nf3 Nc6 3. d4 exd4 4. Nxd4 Bc5 5. Nb3 Bb6 6. a4 a5 7. Nc3 Nge7 8.
g3 d6 9. Bg2 O-O 10. O-O Nb4 11. Nb5 Nec6 12. c3 Na6 13. N3d4 Nxd4 14. Nxd4 Nc5
15. Be3 Bd7 16. Qc2 Re8 17. b3 Qf6 18. Ne2 Bc6 19. Bxc5 Bxc5 20. Nf4 Re7 21.
Rfe1 Rae8 22. Kf1 h6 23. Nd5 Bxd5 24. exd5 g5 25. Rxe7 Qxe7 26. Qd2 Qf6 27. Re1
Rb8 28. b4 Bb6 29. Re4 axb4 30. cxb4 Qa1+ 31. Re1 Qxa4 32. h4 Qb5+ 33. Kg1 Qd7
34. hxg5 Qg4 35. Qd3 Qxg5 36. Re4 Ra8 37. Kh2 Kf8 38. Rf4 Re8 39. Bh3 Re5 40.
Be6 Ke8 41. Qh7 Qh5+ 42. Kg2 Rxe6 43. dxe6 fxe6 44. Qg8+ Kd7 45. Rf7+ Kc6 46.
Qe8+ Kd5 47. Qb5+ c5 48. Rf4 e5 49. Qc4+ Kc6 50. b5+ Kc7 51. Rf7+ Kb8 52. Qd5
Bc7 53. b6 Qxf7 54. Qxf7 Bxb6 55. Kf3 Ka7 56. Ke4 Ka6 57. Qd7 Ka7 58. Qxd6 c4
59. Qa3+ Kb8 60. Kxe5 c3 61. Qxc3 Bxf2 62. g4 Bh4 63. Kd5 Bg5 64. Qc5 Ka8 65.
Qb6 Kb8 66. Ke6 Ka8 67. Kd7 Kb8 68. Qc7+ Ka7 69. Kc8 Ka6 70. Qxb7+ Ka5 71. Kd7
Ka4 72. Ke6 Ka5 73. Kf7 1-0

[Event "XVI Corsicoscacchi A"]
[Site "Corsico ITA"]
[Date "1998.10.11"]
[Round "6"]
[White "Bressanelli, Roberto"]
[Black "Vita, Fabrizio"]
[Result "1-0"]
[WhiteElo "2100"]
[BlackElo "2135"]
[PlyCount "61"]
[EventDate "1998.10.03"]

1. d4 Nf6 2. Bg5 Ne4 3. Bh4 c5 4. f3 Nf6 5. d5 d6 6. e4 g6 7. Bb5+ Bd7 8. Bxf6
exf6 9. a4 Bg7 10. Nd2 O-O 11. Ne2 f5 12. Nc3 Qh4+ 13. g3 Qh3 14. Bf1 Qh6 15.
Nc4 g5 16. Qd2 Na6 17. h4 Nb4 18. Nb5 fxe4 19. fxe4 Bxb5 20. axb5 Qg6 21. Bd3
gxh4 22. Qf4 hxg3 23. Rg1 Rfe8 24. Rxg3 Nxd5 25. Qxd6 Qh5 26. Kd2 Qh2+ 27. Be2
Qf2 28. Rag1 Nf4 29. Rxg7+ Kh8 30. Rg8+ Rxg8 31. Qf6+ 1-0

[Event "XVI Corsicoscacchi A"]
[Site "Corsico ITA"]
[Date "1998.10.11"]
[Round "6"]
[White "Castaldo, Folco"]
[Black "Bemporad, Filippo"]
[Result "1-0"]
[WhiteElo "2180"]
[BlackElo "2050"]
[PlyCount "97"]
[EventDate "1998.10.03"]

1. e4 c5 2. c3 d5 3. exd5 Qxd5 4. d4 Nf6 5. Nf3 Bg4 6. Be2 e6 7. h3 Bh5 8. O-O
Be7 9. c4 Qd6 10. Nc3 O-O 11. Be3 cxd4 12. Nb5 Qd8 13. Nbxd4 Nc6 14. Nxc6 bxc6
15. Qa4 Qc7 16. a3 a5 17. Rfd1 Ne4 18. g4 Bg6 19. Nd4 Rfc8 20. Bf3 Bf6 21. Rac1
h6 22. c5 Rab8 23. Nxe6 fxe6 24. Bxe4 Bxe4 25. Qxe4 Bxb2 26. Qxe6+ Qf7 27.
Qxf7+ Kxf7 28. Rd7+ Ke8 29. Rcd1 Rd8 30. Rxd8+ Rxd8 31. Rxd8+ Kxd8 32. a4 Bc3
33. Kg2 Kd7 34. Kf3 Ke6 35. Ke4 Bb4 36. f4 Be1 37. Bd4 g6 38. f5+ gxf5+ 39.
gxf5+ Kf7 40. Be3 h5 41. Ke5 Bg3+ 42. Bf4 Be1 43. Kd6 Kf6 44. Kxc6 Kxf5 45. Bd6
Ke6 46. Kb7 Bb4 47. Bf8 Be1 48. c6 Bg3 49. c7 1-0

[Event "XVI Corsicoscacchi A"]
[Site "Corsico ITA"]
[Date "1998.10.11"]
[Round "6"]
[White "Drabke, Lorenz Maximilian"]
[Black "Aglietti, Graziano"]
[Result "1/2-1/2"]
[WhiteElo "1906"]
[BlackElo "2055"]
[PlyCount "75"]
[EventDate "1998.10.03"]

1. e4 c5 2. Nf3 g6 3. c4 Bg7 4. d4 cxd4 5. Nxd4 Nc6 6. Be3 Nf6 7. Nc3 Ng4 8.
Qxg4 Nxd4 9. Qd1 Nc6 10. Be2 d6 11. O-O Be6 12. Qd2 Qa5 13. Nd5 Qxd2 14. Bxd2
Rc8 15. Rab1 Bd4 16. Rfd1 f5 17. Bg5 fxe4 18. Nxe7 Bxf2+ 19. Kxf2 Rf8+ 20. Kg1
Nxe7 21. Rxd6 Bxc4 22. Bxc4 Rxc4 23. Re6 Rc7 24. Rxe4 Rf5 25. Bxe7 Rxe7 26.
Rbe1 Rxe4 27. Rxe4+ Kd7 28. g3 h5 29. Kg2 g5 30. Ra4 a6 31. Rc4 b5 32. Rc3 a5
33. Rf3 Ke6 34. Rxf5 Kxf5 35. Kf3 g4+ 36. Ke3 Ke5 37. b3 b4 38. Kd3 1/2-1/2

[Event "XVI Corsicoscacchi A"]
[Site "Corsico ITA"]
[Date "1998.10.11"]
[Round "6"]
[White "Gabetto, Flaviano"]
[Black "Mascheroni, Maurizio"]
[Result "1/2-1/2"]
[WhiteElo "2065"]
[BlackElo "2025"]
[PlyCount "94"]
[EventDate "1998.10.03"]

1. e4 d6 2. d4 Nf6 3. Nc3 g6 4. f3 c6 5. Bg5 Nbd7 6. Qd2 e5 7. d5 c5 8. g4 a6
9. a4 h6 10. Be3 h5 11. Bg5 hxg4 12. fxg4 Qb6 13. a5 Qc7 14. Be2 Bg7 15. h4 b6
16. axb6 Nxb6 17. Bxf6 Bxf6 18. g5 Bg7 19. h5 gxh5 20. Rxh5 Rxh5 21. Bxh5 Qe7
22. O-O-O Nc4 23. Qe2 Qxg5+ 24. Kb1 Ne3 25. Re1 Ng2 26. Nf3 Qxh5 27. Qxg2 Qg4
28. Qf2 Qf4 29. Rg1 Bg4 30. Rg3 Bh6 31. Qg2 Qc1+ 32. Ka2 Rb8 33. Na4 Rb4 34. b3
Bd7 35. Nb2 Bb5 36. c4 Qc3 37. Nd2 Qxd2 38. Qxd2 Bxd2 39. Nd3 Rxc4 40. bxc4
Bxc4+ 41. Kb2 a5 42. Kc2 Bb4 43. Rg8+ Ke7 44. Nb2 Be2 45. Rb8 c4 46. Rb7+ Ke8
47. Rb8+ Ke7 1/2-1/2

[Event "XVI Corsicoscacchi A"]
[Site "Corsico ITA"]
[Date "1998.10.11"]
[Round "6"]
[White "Marcoli, Paolo"]
[Black "Barlocco, Carlo"]
[Result "0-1"]
[WhiteElo "2130"]
[BlackElo "2215"]
[PlyCount "156"]
[EventDate "1998.10.03"]

1. e4 e5 2. Bc4 Bc5 3. Nf3 Nc6 4. c3 Nf6 5. d3 O-O 6. Nbd2 a6 7. Bb3 Ng4 8. O-O
d6 9. Nc4 h6 10. h3 Nf6 11. Ne3 Be6 12. Bc2 d5 13. Qe2 Re8 14. g4 Kh7 15. Nf5
Bf8 16. Rd1 g6 17. Ng3 Bg7 18. Kg2 Qe7 19. Be3 Rad8 20. Rh1 Nd7 21. g5 h5 22.
Nh4 Nf8 23. Nhf5 Qd7 24. Nxg7 Kxg7 25. Qf1 b5 26. f4 dxe4 27. dxe4 Bc4 28. Qf2
exf4 29. Qxf4 Qd6 30. Qf2 Qe7 31. h4 Bd3 32. Rad1 Bxc2 33. Qxc2 Ne5 34. Rd5 c6
35. Bc5 Qe6 36. Rxe5 Qxe5 37. Bd4 Rxd4 38. cxd4 Qxd4 39. Rf1 Rc8 40. Qe2 Ne6
41. Qf2 Qxf2+ 42. Kxf2 f6 43. gxf6+ Kxf6 44. Ke3+ Ke5 45. Ne2 Rf8 46. Rc1 c5
47. Rg1 Rg8 48. Nf4 Nxf4 49. Rg5+ Kf6 50. Kxf4 Rc8 51. e5+ Kf7 52. Ke4 c4 53.
Rg2 c3 54. bxc3 Rxc3 55. Kd5 Rd3+ 56. Kc6 Rh3 57. Kd7 Rd3+ 58. Kc7 Rd4 59. e6+
Ke7 60. Rxg6 Rxh4 61. Rg7+ Kxe6 62. Rg6+ Kd5 63. Rxa6 Ra4 64. Rh6 Rxa2 65.
Rxh5+ Kc4 66. Kb6 b4 67. Rh4+ Kc3 68. Rh3+ Kc2 69. Rh2+ Kb3 70. Rh5 Ra8 71.
Rh3+ Ka2 72. Rh2+ Ka3 73. Rh1 Rc8 74. Kb5 b3 75. Rh3 Ka2 76. Kb4 Rb8+ 77. Kc3
b2 78. Rh2 Rb3+ 0-1

[Event "XVI Corsicoscacchi A"]
[Site "Corsico ITA"]
[Date "1998.10.11"]
[Round "6"]
[White "Mazzini, Antonio"]
[Black "Cazzaniga, Walter"]
[Result "1-0"]
[WhiteElo "1912"]
[BlackElo "2165"]
[PlyCount "101"]
[EventDate "1998.10.03"]

1. d4 f5 2. g3 Nf6 3. Bg2 g6 4. c4 Bg7 5. Nc3 O-O 6. Nh3 d6 7. d5 c6 8. O-O e5
9. dxe6 Bxe6 10. Qd3 Na6 11. Ng5 Qe7 12. Bf4 Rfd8 13. Rad1 Ng4 14. Nd5 Bxd5 15.
cxd5 Nc5 16. Qc2 h6 17. Nh3 Rac8 18. dxc6 bxc6 19. Bxd6 Rxd6 20. Qxc5 Re6 21.
Qxe7 Rxe7 22. Rd2 Ne5 23. Nf4 Kh7 24. e3 Nc4 25. Rc2 Nxb2 26. Rb1 Na4 27. Rb4
Nb6 28. Rxc6 Rxc6 29. Bxc6 Rc7 30. Be8 g5 31. Bg6+ Kg8 32. Ne6 Rc1+ 33. Kg2 Ra1
34. Bxf5 Rxa2 35. Nxg5 Ra5 36. Be6+ Kf8 37. Nf3 Ke7 38. Bg8 Kf8 39. Bb3 Ra3 40.
Nh4 Bc3 41. Rb5 Ke8 42. Nf5 Kd7 43. Bf7 Kc6 44. Rb3 Rxb3 45. Bxb3 Kb5 46. Kf3
Kb4 47. Bf7 a5 48. Ke2 a4 49. Kd3 Nd7 50. f4 Nc5+ 51. Kc2 1-0

[Event "XVI Corsicoscacchi A"]
[Site "Corsico ITA"]
[Date "1998.10.11"]
[Round "6"]
[White "Pulito, Alberto"]
[Black "Braunberger, Federico"]
[Result "0-1"]
[WhiteElo "1774"]
[BlackElo "2135"]
[PlyCount "48"]
[EventDate "1998.10.03"]

1. e4 d6 2. d4 Nf6 3. Nc3 g6 4. f3 Bg7 5. Be3 c6 6. Qd2 Nbd7 7. Be2 Qc7 8.
O-O-O a6 9. Bh6 Bxh6 10. Qxh6 b5 11. Qd2 Rb8 12. g4 b4 13. Nb1 h6 14. h4 Qa5
15. a3 c5 16. dxc5 Nxc5 17. Nh3 Qc7 18. Qe3 Be6 19. Nd2 Na4 20. axb4 Rxb4 21.
Qa3 a5 22. Nf4 Nxb2 23. Nxe6 fxe6 24. f4 Nxd1 0-1

[Event "XVI Corsicoscacchi A"]
[Site "Corsico ITA"]
[Date "1998.10.11"]
[Round "6"]
[White "Valenti, Giuseppe"]
[Black "Barberi, Alessandro"]
[Result "1-0"]
[WhiteElo "2200"]
[BlackElo "2160"]
[PlyCount "73"]
[EventDate "1998.10.03"]

1. e4 c5 2. Nf3 d6 3. d4 cxd4 4. Nxd4 Nf6 5. Nc3 g6 6. f4 Bg4 7. Be2 Bxe2 8.
Qxe2 Bg7 9. Be3 O-O 10. O-O-O Qa5 11. g4 Qa6 12. g5 Nh5 13. Kb1 Qxe2 14. Ndxe2
Nc6 15. Nd5 h6 16. f5 Kh7 17. Ng3 hxg5 18. Bxg5 f6 19. Be3 Bh6 20. fxg6+ Kxg6
21. Bxh6 Kxh6 22. Nf5+ Kh7 23. Ndxe7 Nxe7 24. Nxe7 Rae8 25. Nf5 Rxe4 26. Nxd6
Re2 27. Nxb7 f5 28. Rd7+ Kh6 29. Nd6 Kg5 30. Rxa7 f4 31. Ra5+ Kg6 32. Rg1+ Kh6
33. Nf5+ Kh7 34. Nd4 Rxh2 35. Nf3 Rg8 36. Rxg8 Rf2 37. Rg1 1-0

[Event "VII Weekend A"]
[Site "Grammichele ITA"]
[Date "1998.10.10"]
[Round "6"]
[White "Culle', Salvatore"]
[Black "Bentivegna, Francesco"]
[Result "1-0"]
[WhiteElo "1735"]
[BlackElo "1885"]
[PlyCount "93"]
[EventDate "1998.10.03"]

1. Nf3 c5 2. c4 Nc6 3. Nc3 Nd4 4. e3 Nxf3+ 5. Qxf3 g6 6. d4 Bg7 7. d5 d6 8. e4
Nf6 9. h3 O-O 10. Bd3 a6 11. O-O Qa5 12. Qe2 b5 13. cxb5 axb5 14. Bxb5 Ba6 15.
a4 Rfb8 16. Bd2 Nd7 17. Rfb1 Bxb5 18. Nxb5 Qb6 19. Bc3 Bxc3 20. bxc3 Qa5 21. c4
Ra6 22. Qc2 Rba8 23. f4 Qd8 24. Ra2 Ra5 25. Rba1 Nb8 26. e5 Na6 27. Qd1 Nb4 28.
Rf2 Qd7 29. e6 fxe6 30. dxe6 Qxe6 31. Nc7 Qxc4 32. Nxa8 Rxa8 33. f5 Rf8 34.
fxg6 Rxf2 35. gxh7+ Kxh7 36. Kxf2 Nd3+ 37. Kf1 Nc1+ 38. Kg1 Ne2+ 39. Kh1 Qe4
40. Qb1 Qxb1+ 41. Rxb1 c4 42. a5 Nd4 43. a6 Nc6 44. Rb6 Na7 45. Rb7 Nc6 46. Rc7
Na5 47. a7 1-0

[Event "VII Weekend A"]
[Site "Grammichele ITA"]
[Date "1998.10.11"]
[Round "8"]
[White "Isonzo, David"]
[Black "Culle', Salvatore"]
[Result "1/2-1/2"]
[WhiteElo "2225"]
[BlackElo "1735"]
[PlyCount "83"]
[EventDate "1998.10.03"]

1. d4 Nf6 2. c4 g6 3. Nc3 Bg7 4. e4 d6 5. Nf3 O-O 6. Be2 e5 7. d5 a5 8. Bg5 Qe8
9. Nd2 h6 10. Be3 Nh7 11. c5 f5 12. f3 f4 13. Bf2 Rf7 14. cxd6 cxd6 15. Nc4 Bf8
16. Nb6 Ra6 17. Bxa6 Nxa6 18. Qa4 Bd7 19. Nxd7 Rxd7 20. Qxa5 g5 21. h3 Nf6 22.
Rc1 h5 23. b4 g4 24. hxg4 hxg4 25. b5 Nc5 26. Bxc5 dxc5 27. Na4 Qg6 28. Qd2
Nxe4 29. fxe4 Qxe4+ 30. Qe2 Qxa4 31. Qxg4+ Bg7 32. Qe6+ Rf7 33. Rh3 e4 34. d6
Qb4+ 35. Kf1 Qd2 36. Qc8+ Rf8 37. Qxc5 e3 38. Qc4+ Rf7 39. Qc8+ Bf8 40. Qg4+
Rg7 41. Qe6+ Rf7 42. Qg4+ 1/2-1/2

[Event "IV Trofeo SAI A"]
[Site "Palermo ITA"]
[Date "1998.10.??"]
[Round "3"]
[White "Fabiano, Giuseppe"]
[Black "Manca, Federico"]
[Result "0-1"]
[WhiteElo "2265"]
[BlackElo "2380"]
[PlyCount "80"]
[EventDate "1998.10.17"]

1. Nf3 Nf6 2. c4 g6 3. Nc3 Bg7 4. e4 d6 5. d4 O-O 6. Be2 c5 7. O-O cxd4 8. Nxd4
Nc6 9. Be3 Bd7 10. f3 Nxd4 11. Bxd4 a5 12. Qd2 Bc6 13. Rfd1 Nd7 14. Be3 Nc5 15.
b3 Qb6 16. Rab1 Rfc8 17. Nb5 Qd8 18. Rbc1 Qf8 19. Nd4 Bd7 20. Bf1 Ne6 21. Nb5
Nc5 22. Nc3 Bc6 23. Nd5 Bxd5 24. cxd5 h5 25. g3 Kh7 26. Bg2 Qe8 27. Rc2 b5 28.
Rdc1 b4 29. Rc4 Bc3 30. Qc2 a4 31. f4 axb3 32. axb3 Ra3 33. Bxc5 Rxc5 34. Rxc5
dxc5 35. Bf1 Qa8 36. Bc4 Ra2 37. Qd3 Rd2 38. Qb1 Rb2 39. Qd3 Qa2 40. Rxc3 Rg2+
0-1

[Event "IV Trofeo SAI A"]
[Site "Palermo ITA"]
[Date "1998.10.??"]
[Round "3"]
[White "Ferro, Mario"]
[Black "Ljubisavljevic, Zivojin Z."]
[Result "1-0"]
[WhiteElo "1747"]
[BlackElo "2290"]
[PlyCount "91"]
[EventDate "1998.10.17"]

1. e4 c5 2. Nc3 Nc6 3. f4 g6 4. Nf3 Bg7 5. Bc4 e6 6. O-O Nge7 7. a3 d5 8. exd5
exd5 9. Ba2 O-O 10. Ne2 h6 11. Kh1 b5 12. d4 c4 13. c3 Bf5 14. Bb1 Na5 15. Bc2
Bxc2 16. Qxc2 Nb3 17. Rb1 Nf5 18. g4 Nxc1 19. Qxc1 Nh4 20. Qe1 Nxf3 21. Rxf3 a5
22. f5 g5 23. Ng3 Re8 24. Qf2 f6 25. Re1 Rxe1+ 26. Qxe1 Qd7 27. Re3 Kf7 28. Nh5
Bf8 29. Re6 Be7 30. Qg3 b4 31. Qh3 bxa3 32. Nxf6 Bxf6 33. Qh5+ Kg8 34. Rxf6 a2
35. Rg6+ Kf7 36. Rxh6+ Kf8 37. Rh8+ Ke7 38. Rh7+ Kd6 39. Rxd7+ Kxd7 40. Qf7+
Kc8 41. Qe6+ Kc7 42. Qe7+ Kc6 43. Qc5+ Kb7 44. Qxd5+ Ka7 45. Qc5+ Kb7 46. Qa3
1-0

[Event "IV Trofeo SAI A"]
[Site "Palermo ITA"]
[Date "1998.10.??"]
[Round "3"]
[White "Laketic, Gojko"]
[Black "Ferrante, Francesco"]
[Result "1-0"]
[WhiteElo "2390"]
[BlackElo "1855"]
[PlyCount "39"]
[EventDate "1998.10.17"]

1. d4 Nf6 2. c4 g6 3. Nc3 d5 4. Nf3 Bg7 5. Bg5 Ne4 6. cxd5 Nxg5 7. Nxg5 e6 8.
Qd2 Bh6 9. f4 Bxg5 10. fxg5 exd5 11. e4 Be6 12. exd5 Bf5 13. Qe3+ Qe7 14. Bb5+
Kd8 15. Qxe7+ Kxe7 16. O-O a6 17. Bc4 Kd6 18. g4 Bxg4 19. Rxf7 Nd7 20. Ne4# 1-0

[Event "XXXIII Olimpiadi"]
[Site "Elista RUS"]
[Date "1998.09.30"]
[Round "2.2"]
[White "Bacrot, Etienne"]
[Black "Godena, Michele"]
[Result "0-1"]
[WhiteElo "2555"]
[BlackElo "2510"]
[Annotator "ITA-FRA"]
[PlyCount "85"]
[EventDate "1998.09.29"]

1.d4 d5 2.c4 c6 3.Nc3 Nf6 4.Nf3 e6 5.Bg5 h6 6.Bxf6 Qxf6 7.e3 Nd7 8.Bd3 
dxc4 9.Bxc4 g6 10.O-O Bg7 11.Rc1 Qe7 12.e4 O-O 13.Re1 Rd8 14.e5 b6 15.Qe2 
Rb8 16.Bd3 Bb7 17.Be4 b5 18.Qe3 Rdc8 19.Nd2 Qf8 20.f4 a6 21.Qf3 Ba8 22.a3 
c5 23.d5 exd5 24.Bxd5 b4 25.Ncb1 Bxd5 26.Qxd5 Nb6 27.Qf3 c4 28.Ne4 c3 29.
bxc3 bxa3 30.Nd6 a2 31.Nd2 Rc7 32.Rc2 Nc8 33.Nxc8 Qxc8 34.Rxa2 Rxc3 35.Qe2
Rc1 36.Ra1 Rc2 37.Qd3 Rbb2 38.Rad1 Qc5+ 39.Kh1 Qb4 40.Nf3 Qxf4 41.Re4 Qf5 
42.e6 fxe6 43.g4 0-1

[Event "XXXIII Olimpiadi"]
[Site "Elista RUS"]
[Date "1998.09.30"]
[Round "2.3"]
[White "Arlandi, Ennio"]
[Black "Marciano, David"]
[Result "1/2-1/2"]
[WhiteElo "2440"]
[BlackElo "2525"]
[Annotator "ITA-FRA"]
[PlyCount "48"]
[EventDate "1998.09.29"]

1.d4 Nf6 2.c4 e6 3.Nc3 Bb4 4.Qc2 O-O 5.a3 Bxc3+ 6.Qxc3 b6 7.Bg5 c5 8.e3 
Bb7 9.dxc5 bxc5 10.Nf3 d6 11.Nd2 Nbd7 12.f3 Qb6 13.Bh4 a5 14.Be2 Ba6 15.
Bf2 d5 16.Rb1 Rfe8 17.Bd3 e5 18.cxd5 e4 19.Bxa6 Qxa6 20.Qc4 exf3 21.gxf3 
Qd6 22.O-O Ne5 23.Qc2 Qxd5 24.Bg3 Nh5 1/2-1/2

[Event "XXXIII Olimpiadi"]
[Site "Elista RUS"]
[Date "1998.09.30"]
[Round "2.4"]
[White "Hauchard, Arnaud"]
[Black "Borgo, Giulio"]
[Result "1-0"]
[WhiteElo "2500"]
[BlackElo "2445"]
[Annotator "ITA-FRA"]
[PlyCount "95"]
[EventDate "1998.09.29"]

1.c4 c5 2.Nf3 Nf6 3.g3 g6 4.Bg2 Bg7 5.O-O Nc6 6.d4 cxd4 7.Nxd4 O-O 8.Nc3 
Ng4 9.e3 d6 10.b3 Nxd4 11.exd4 Nh6 12.Bb2 a6 13.Re1 Nf5 14.Nd5 e6 15.Ne3 
Ne7 16.Qc2 Qc7 17.Rac1 Re8 18.d5 Bxb2 19.Qxb2 e5 20.c5 b5 21.cxb6 Qxb6 22.
Nc4 Qb4 23.f4 f6 24.fxe5 fxe5 25.Nxe5 dxe5 26.d6 Qb6+ 27.Qf2 Qxf2+ 28.Kxf2
Ra7 29.dxe7 Raxe7 30.Ke3 Kg7 31.Rc5 Bf5 32.Rec1 h5 33.Rc7 Rxc7 34.Rxc7+ 
Kf6 35.Ra7 Re6 36.Bf1 Kg5 37.Rxa6 Re7 38.Ra4 Rd7 39.Be2 Rc7 40.Rc4 Ra7 41.
a4 Be6 42.h4+ Kf6 43.Rc6 Ke7 44.Bc4 Bxc4 45.Rxc4 Kd6 46.Ke4 Ra6 47.Rb4 Rc6
48.a5 1-0

[Event "XXXIII Olimpiadi"]
[Site "Elista RUS"]
[Date "1998.10.01"]
[Round "3.2"]
[White "Godena, Michele"]
[Black "Spasov, Vasil V."]
[Result "1/2-1/2"]
[WhiteElo "2510"]
[BlackElo "2595"]
[Annotator "ITA-BUL"]
[PlyCount "30"]
[EventDate "1998.09.29"]

1.e4 c5 2.Nf3 d6 3.Bc4 Nf6 4.d3 e6 5.O-O Be7 6.c3 O-O 7.Bb3 Nc6 8.Re1 b6 
9.Nbd2 Ba6 10.Nf1 Rc8 11.Bf4 Nd7 12.Qe2 Nde5 13.Rad1 Nxf3+ 14.Qxf3 Bg5 15.
Qg3 Bxf4 1/2-1/2

[Event "XXXIII Olimpiadi"]
[Site "Elista RUS"]
[Date "1998.10.01"]
[Round "3.3"]
[White "Kolev, Atanas"]
[Black "D'Amore, Carlo"]
[Result "1/2-1/2"]
[WhiteElo "2550"]
[BlackElo "2465"]
[Annotator "ITA-BUL"]
[PlyCount "53"]
[EventDate "1998.09.29"]

1.Nf3 Nf6 2.c4 g6 3.d4 Bg7 4.g3 c6 5.Bg2 O-O 6.Nc3 d5 7.cxd5 cxd5 8.Ne5 e6
9.O-O Nfd7 10.f4 Nf6 11.b3 Bd7 12.e3 Qe7 13.Bb2 Rd8 14.Qe2 Be8 15.g4 Nc6 
16.Rad1 Rac8 17.Kh1 Qb4 18.Rc1 Qa5 19.a3 Qb6 20.b4 Ne7 21.Rfe1 Rc7 22.Rc2 
Rdc8 23.Rec1 a6 24.Bf3 Qd6 25.Nd3 Nd7 26.Na4 Nb8 27.Nc3 1/2-1/2

[Event "XXXIII Olimpiadi"]
[Site "Elista RUS"]
[Date "1998.10.01"]
[Round "3.4"]
[White "Belotti, Bruno"]
[Black "Chatalbashev, Boris"]
[Result "0-1"]
[WhiteElo "2430"]
[BlackElo "2535"]
[Annotator "ITA-BUL"]
[PlyCount "58"]
[EventDate "1998.09.29"]

1.e4 g6 2.d4 Bg7 3.Nc3 d6 4.f4 Nf6 5.Nf3 O-O 6.Bd3 Na6 7.O-O c5 8.d5 Rb8 
9.Kh1 Bg4 10.Bc4 Nc7 11.a4 a6 12.a5 Nb5 13.Qd3 Nxc3 14.bxc3 e6 15.dxe6 
Bxe6 16.Bxe6 fxe6 17.Rb1 d5 18.e5 c4 19.Qe3 Ne4 20.Ba3 Rf7 21.Rb6 Qd7 22.
Bd6 Re8 23.Ra1 Bf8 24.Bxf8 Rexf8 25.g3 g5 26.Nxg5 Nxg5 27.fxg5 Rf3 28.Qe2 
Qf7 29.Rg1 Qf5 0-1

[Event "XXXIII Olimpiadi"]
[Site "Elista RUS"]
[Date "1998.10.03"]
[Round "5.1"]
[White "Efimov, Igor"]
[Black "Kobese, Watu"]
[Result "1-0"]
[WhiteElo "2530"]
[BlackElo "2415"]
[Annotator "ITA-RSA"]
[PlyCount "75"]
[EventDate "1998.09.29"]

1.d4 f5 2.Nc3 Nf6 3.Bg5 Nc6 4.Bxf6 exf6 5.e3 Bb4 6.Ne2 Ne7 7.a3 Ba5 8.b4 
Bb6 9.Nf4 d5 10.Qh5+ g6 11.Qf3 c6 12.Bd3 Qd6 13.h4 a5 14.Na4 Bd8 15.b5 Bd7
16.Nc5 Bc8 17.c4 b6 18.Na4 cxb5 19.cxb5 Ra7 20.Kd2 Rc7 21.Qg3 Bb7 22.h5 g5
23.Ne2 Qe6 24.Rhc1 Rd7 25.Rc2 Nc8 26.Nc5 bxc5 27.dxc5 Bc7 28.Nd4 Qe5 29.c6
Bxc6 30.bxc6 Rf7 31.Bxf5 Nd6 32.Bd7+ Ke7 33.Ke1 Qxg3 34.fxg3 f5 35.Rb1 a4 
36.Ke2 Ne4 37.Rb7 Nxg3+ 38.Kd3 1-0

[Event "XXXIII Olimpiadi"]
[Site "Elista RUS"]
[Date "1998.10.03"]
[Round "5.2"]
[White "Rubery, Mark"]
[Black "Godena, Michele"]
[Result "1/2-1/2"]
[WhiteElo "2290"]
[BlackElo "2510"]
[Annotator "ITA-RSA"]
[PlyCount "63"]
[EventDate "1998.09.29"]

1.e4 e5 2.Bc4 Nf6 3.d3 Nc6 4.Nf3 h6 5.O-O d6 6.c3 g6 7.d4 Qe7 8.dxe5 Nxe5 
9.Nxe5 Qxe5 10.Qb3 Qe7 11.Be3 Bg7 12.Nd2 O-O 13.Rae1 c6 14.a4 Nxe4 15.Nxe4
Qxe4 16.Bxh6 Qf5 17.Bxg7 Kxg7 18.Re3 d5 19.Bd3 Qf6 20.Rfe1 Qd6 21.a5 c5 
22.Qd1 Bd7 23.Bc4 Bc6 24.Rd3 Rfe8 25.h3 Rxe1+ 26.Qxe1 Qe6 27.Re3 Qf6 28.
Rf3 Qe6 29.Re3 Qf6 30.Rf3 Qd6 31.Rd3 Qe6 32.Re3 1/2-1/2

[Event "XXXIII Olimpiadi"]
[Site "Elista RUS"]
[Date "1998.10.03"]
[Round "5.3"]
[White "D'Amore, Carlo"]
[Black "Solomon, Kenny"]
[Result "1/2-1/2"]
[WhiteElo "2465"]
[BlackElo "2215"]
[Annotator "ITA-RSA"]
[PlyCount "157"]
[EventDate "1998.09.29"]

1.e4 c5 2.Nf3 Nc6 3.Bb5 g6 4.O-O Bg7 5.Re1 Nf6 6.e5 Nd5 7.Nc3 Nxc3 8.dxc3 
O-O 9.h3 Qc7 10.Bf4 a6 11.Bf1 Nd8 12.Qd2 Ne6 13.Bh6 Rd8 14.Bxg7 Kxg7 15.
Re4 d6 16.Rh4 h5 17.Qe3 Bd7 18.Bc4 Rh8 19.Re1 Rae8 20.Bd5 Nd8 21.c4 e6 22.
exd6 Qxd6 23.Be4 e5 24.Bd3 Nc6 25.g4 hxg4 26.hxg4 Rxh4 27.Nxh4 Bxg4 28.Qg3
Qd7 29.f3 Be6 30.b3 Qd4+ 31.Kh2 Rh8 32.Re4 Qd8 33.Kg2 Qf6 34.Kg1 Nd4 35.
Kf2 Rh5 36.c3 Nc6 37.Ke2 a5 38.Ng2 Rh3 39.Qf2 Rh2 40.Qg1 Rh3 41.Ne1 b6 42.
Kd2 Bf5 43.Re3 Bxd3 44.Rxd3 Qf4+ 45.Qe3 Rh2+ 46.Kc1 Qxe3+ 47.Rxe3 a4 48.
Nc2 axb3 49.axb3 Kf6 50.Rd3 Ke6 51.Ne3 Na5 52.b4 Nb3+ 53.Kd1 cxb4 54.cxb4 
Rh1+ 55.Kc2 Nd4+ 56.Kb2 Rh2+ 57.Ka3 Rf2 58.Nd5 Rxf3 59.Rxf3 Nxf3 60.Nxb6 
g5 61.Nd5 Nd2 62.Ne3 f5 63.b5 f4 64.b6 Kd7 65.Nd5 Nxc4+ 66.Kb4 Nd6 67.Kc5 
Nb7+ 68.Kb5 f3 69.Nf6+ Ke6 70.Ng4 e4 71.Kc6 Nd6 72.Kc5 e3 73.Nxe3 f2 74.
Nf1 Ke5 75.Nh2 Nb7+ 76.Kc6 Nd8+ 77.Kd7 Kd5 78.Kxd8 Kc6 79.Ke7 1/2-1/2

[Event "XXXIII Olimpiadi"]
[Site "Elista RUS"]
[Date "1998.10.04"]
[Round "6.1"]
[White "Efimov, Igor"]
[Black "Vasquez Schroeder, Rodrigo"]
[Result "1-0"]
[WhiteElo "2530"]
[BlackElo "2445"]
[Annotator "ITA-CHI"]
[PlyCount "105"]
[EventDate "1998.09.29"]

1.Nf3 Nf6 2.c4 c5 3.Nc3 e6 4.d4 cxd4 5.Nxd4 a6 6.e4 Qc7 7.Be3 d6 8.Be2 b6 
9.O-O Bb7 10.f3 Be7 11.Qd2 Nbd7 12.a4 O-O 13.a5 bxa5 14.Nb3 Rab8 15.Nxa5 
Ba8 16.Rfc1 Rfc8 17.b4 Qd8 18.Na4 Qc7 19.Kh1 Re8 20.b5 Nc5 21.Nxc5 dxc5 
22.Nb3 Red8 23.Qe1 Rb6 24.Qf2 Rc8 25.Ra2 Nd7 26.Rd2 Rd6 27.Bf4 e5 28.Be3 
Nf8 29.Rxd6 Bxd6 30.Ra1 axb5 31.cxb5 Ne6 32.Bc4 Nd4 33.Qa2 Bb7 34.b6 Qxb6 
35.Bxf7+ Kh8 36.Nd2 Qc7 37.Bd5 Bxd5 38.exd5 h6 39.Nc4 Rd8 40.Qb1 Bf8 41.
Qe4 Qf7 42.Nxe5 Qxd5 43.Ng6+ Kg8 44.Qxd5+ Rxd5 45.Ra8 Kf7 46.Nxf8 Nf5 47.
Bg1 c4 48.Rc8 Nd6 49.Rc5 Rxc5 50.Bxc5 Nb7 51.Bb4 c3 52.Nd7 c2 53.Ne5+ 1-0

[Event "XXXIII Olimpiadi"]
[Site "Elista RUS"]
[Date "1998.10.04"]
[Round "6.2"]
[White "Egger, Jorge"]
[Black "Godena, Michele"]
[Result "0-1"]
[WhiteElo "2415"]
[BlackElo "2510"]
[Annotator "ITA-CHI"]
[PlyCount "90"]
[EventDate "1998.09.29"]

1.e4 e5 2.Nf3 Nc6 3.Bb5 a6 4.Ba4 Nf6 5.O-O b5 6.Bb3 Bc5 7.a4 Bb7 8.d3 O-O 
9.Nc3 b4 10.Nd5 h6 11.a5 d6 12.Be3 Nxd5 13.Bxd5 Bxe3 14.fxe3 Nxa5 15.Rxa5 
c6 16.Ra4 cxd5 17.Rxb4 Qc7 18.exd5 Bxd5 19.Kh1 Rfc8 20.e4 Be6 21.c3 a5 22.
Ra4 Rab8 23.Qa1 Qb6 24.Rxa5 Qxb2 25.Qxb2 Rxb2 26.Ra6 Rxc3 27.Rxd6 Rcc2 28.
Rg1 Bg4 29.Nxe5 Bh3 30.Nc4 Ra2 31.Ne3 Re2 32.Rd5 Rxe3 33.gxh3 Ree2 34.Rd1 
Rxh2+ 35.Kg1 Rag2+ 36.Kf1 Rb2 37.Kg1 Rxh3 38.Rf5 Rhh2 39.d4 Rbg2+ 40.Kf1 
Ra2 41.Kg1 Rag2+ 42.Kf1 Rg4 43.Rd3 Rxe4 44.d5 Ra4 45.Kg1 Raa2 0-1